Australia by Letter - F - Statistics

General Stats
  • This quiz has been taken 15 times
  • The average score is 7 of 10
Answer Stats
Hint Answer % Correct
Western Australian port city, serving as Perth's harbour and often shortened to Freo Fremantle
86%
Australia has had four Prime Ministers whose last names start with F - name one Andrew Fisher | Arthur Fadden | Frank Forde | Malcolm Fraser
79%
A common treat at kids' birthday parties, made from white bread, butter, and hundreds and thousands (sprinkles) Fairy bread
71%
What Australians call cotton candy Fairy floss
71%
Full-size car model made by Ford in Australian between 1960 and 2016, commonly used as police cars or taxis Ford Falcon
71%
A type of bat, also known as a fruit bat, that lives in large colonies and are often seen in urban environments Flying fox
57%
National park and peninsula in Tasmania, home to Wineglass Bay and named for a French explorer Freycinet
57%
The first European to circumnavigate Australia and prove it is a single island; he is the namesake of a university and Melbourne's busiest train station, among other places Matthew Flinders
57%
Melbourne suburb which is home to the Western Bulldogs football team Footscray
50%
Species of lizard with a characteristic ruffle around its head Frilled lizard
50%
No matching quizzes found
Score Distribution
Percent of People with Each Score
Percentile by Number Answered
Your Score History
You have not taken this quiz